| 000 | 01907cam a22004098a 4500 | ||
|---|---|---|---|
| 001 | 10245594 | ||
| 003 | USPCAS-E | ||
| 005 | 20180118181423.0 | ||
| 006 | m d | ||
| 007 | cr n | ||
| 008 | 120501s2012 enk sb 001 0 eng d | ||
| 020 | _a9781848213579 | ||
| 035 | _a(WaSeSS)ssj0000831545 | ||
| 040 |
_aDLC _cDLC _dDLC _dWaSeSS |
||
| 042 | _apcc | ||
| 050 | 4 |
_aTK2896 _b.E47 2012 |
|
| 082 | 0 | 0 |
_a620.5 _223 _bENE 2012 |
| 210 | 1 | 0 | _aEnergy autonomous micro and nano systems |
| 245 | 0 | 0 |
_aEnergy autonomous micro and nano systems _cedited by Marc Belleville, Cyril Condemine. |
| 260 |
_aLondon : _bISTE ; _aHoboken, N.J. : _bWiley, _c2012. |
||
| 263 | _a1205 | ||
| 502 | _a. | ||
| 504 | _aIncludes bibliographical references and index. | ||
| 505 | 0 | _aSensors at the core of building control -- Towards energy-autonomous medical implants -- Energy autonomous systems in aeronautic applications -- Energy harvesting by photovoltaic effect -- Mechanical energy harvesting -- Thermal energy harvesting -- Lithium micro-batteries -- Ultra-low power sensors -- Ultra-low power signal processing in autonomous systems -- Ultra-low power radio frequency communications and protocols -- Energy management in an autonomous microsystem -- Optimizing energy efficiency of sensor networks. | |
| 506 | _aLicense restrictions may limit access. | ||
| 650 | 0 | _aElectric power supplies to apparatus. | |
| 650 | 0 | _aLow voltage systems. | |
| 650 | 0 | _aDirect energy conversion. | |
| 650 | 0 |
_aEnergy conservation _xEquipment and supplies. |
|
| 650 | 0 | _aNanoelectromechanical systems. | |
| 700 | 1 | _aBelleville, Marc. | |
| 700 | 1 | _aCondemine, Cyril. | |
| 773 | 0 | _tWiley-Blackwell Online Books | |
| 856 | 4 | 0 |
_uhttp://www.columbia.edu/cgi-bin/cul/resolve?clio10245594 _zFull text available from Wiley-Blackwell Online Books |
| 910 | _aLibrary of Congress record | ||
| 942 |
_2ddc _cBK |
||
| 999 |
_c356078 _d356078 |
||